| 000 | 00514nam a22001937a 4500 | ||
|---|---|---|---|
| 999 |
_c525400 _d525400 |
||
| 003 | NUST | ||
| 005 | 20190702052014.0 | ||
| 008 | 190702b ||||| |||| 00| 0 eng d | ||
| 038 | _aWaseem | ||
| 082 |
_a891.4911 _bLAH |
||
| 100 |
_aLahore, Akhtar _916259 |
||
| 245 |
_aAkhtar dy bol / _cAkhtar Lahore |
||
| 260 |
_aLahore : _bTaj book depo, _cS.L |
||
| 300 | _a119 P. ; | ||
| 500 | _aPaperback. | ||
| 880 |
_6100-01\r _aاختر لاہوری |
||
| 880 |
_6245-02\r _aاختر دے بول / |
||
| 942 |
_2ddc _cBK |
||